000 00823nas a2200265 4500
001 BR8705876
003 BR-BrBNA
005 20231205090818.0
007 ta
008 230509b bl.|||p| |||| 00| 00por d
040 _aBR-BrBNA
_bpor
_cBiblioteca Nacional de Agricultura
041 _a(Pt)
072 _aF50; F70
100 1 _aValente, M. da C.
100 1 _aSilva, N.M.F. da
100 1 _aMarquete, O.
245 1 _aEstudo da nervacao e epiderme foliar do genero Asclepias L. Asclepiadaceae
650 _aASCLEPIADACEAE
650 _aESTRUTURA VEGETAL
650 _aANATOMIA VEGETAL
650 _aTAXONOMIA VEGETAL
773 0 _tArquivos do Jardim Botanico do Rio de Janeiro (Brazil)
_xISSN 0373-1863
_g(1982), v. 26 p. 49-60
_wBR8705876
909 _a202311
_bLúcia
_c55
_dLúcia Elande
942 _2AGRIS
_n0
_cANA
999 _c121013
_d121013